| Tag |
First Indicator |
Second Indicator |
Subfields |
| LEADER |
00000cam a2200000I 4500 |
| 001 |
in00001664074 |
| 005 |
20151024121809.0 |
| 008 |
750306s1971 ilu b 001 0 eng d |
| 035 |
|
|
|a (OCoLC)ocm01203008
|
| 040 |
|
|
|a HLS
|c HLS
|d TXA
|d UtOrBLW
|
| 049 |
|
|
|a TXAM
|
| 090 |
|
|
|a E169.1
|b .H67 v. 12
|
| 100 |
1 |
|
|a Slosson, Preston W.
|q (Preston William),
|d 1892-1984.
|
| 245 |
1 |
4 |
|a The great crusade and after, 1914-1928 /
|c by Preston W. Slosson.
|
| 250 |
|
|
|a 1st Quadrangle pbk. ed.
|
| 264 |
|
1 |
|a Chicago :
|b Quadrangle Books,
|c 1971.
|
| 300 |
|
|
|a xiv, 486 pages ;
|c 22 cm.
|
| 336 |
|
|
|a text
|b txt
|2 rdacontent
|
| 337 |
|
|
|a unmediated
|b n
|2 rdamedia
|
| 338 |
|
|
|a volume
|b nc
|2 rdacarrier
|
| 490 |
1 |
|
|a A History of American life ;
|v v. 12
|
| 490 |
0 |
|
|a Quadrangle paperbacks ;
|v QP412
|
| 504 |
|
|
|a "Critical essay on authorities": pages 439-465.
|
| 500 |
|
|
|a Includes index.
|
| 536 |
|
|
|a Donated to the Texas A&M University Library by Captain John Box, September 2001.
|
| 651 |
|
0 |
|a United States
|x History
|y 20th century.
|
| 651 |
|
0 |
|a United States
|x Social conditions.
|
| 650 |
|
0 |
|a World War, 1914-1918
|z United States.
|
| 830 |
|
0 |
|a History of American life ;
|v v. 12.
|
| 948 |
|
|
|a cataloged
|b h
|c 2002/3/12
|d c
|e mphillip
|f 12:28:20 pm
|
| 994 |
|
|
|a E0
|b TXA
|
| 999 |
|
|
|a MARS
|
| 999 |
f |
f |
|s ad1c360c-244a-37ea-95bd-fcb070cbb51f
|i 55428f42-0edc-3881-a018-12505b5bbb31
|t 0
|
| 952 |
f |
f |
|p ric
|a Texas A&M University
|b Rellis Campus
|c Joint Library Facility
|d Remote Storage
|t 0
|e E169.1 .H67 v.12
|h Library of Congress classification
|i unmediated -- volume
|m A14828450080
|
| 998 |
f |
f |
|a E169.1 .H67 v.12
|t 0
|l Remote Storage
|